TERMINALIA ivorensis

Bibliographic Details
Other Authors: Lamb, Ntima
Format: Book
Published: [Oxford] : Commonwealth Forestry Institute, Dept. of Forestry, University of Oxford , 1971
Series:Fast growing timber trees of the lowland tropics ; n. 5
Subjects:

MARC

LEADER 00000cam a2200000 7i4500
001 0000001435
005 20010627.0
090 0 0 |a 634.9734   |b TER 1971 
245 0 0 |a TERMINALIA ivorensis   |c compiled by A.F.A. Lamb and O.O. Ntima 
260 0 0 |a [Oxford] :   |b Commonwealth Forestry Institute, Dept. of Forestry, University of Oxford ,   |c 1971 
300 |a v, 72 p., [1] leaf of plates :   |b ill. ;   |c 26 cm. 
440 0 0 |a Fast growing timber trees of the lowland tropics ; n. 5 
500 0 0 |a Bibliography : [p. 55-72] 
650 0 0 |a Terminalia ivorensis   |z Africa, West 
700 0 1 |a Lamb   |h Alan Fleming Anderson 
700 0 1 |a Ntima   |h O. O. 
998 |a JPSM 
999 |a 0000002498   |b Monograph   |c Open Shelf   |e Default branch